Négy csillag közt alszom ma- pop, jazz, trip-hop, dancehall, latino, breakbeat a BalatonSoundon ...

Bibliographic Details
Main Author: Juhász, Katalin, 1969- (Author)
Format: Article
Language:Hungarian
PhysicalDescription:Fotogr.
ISSN:1335-7050
Subjects:

MARC

LEADER 00000nab a2200000 ar4500
001 vtls009322063
003 SK-MaSNL
005 20260318133216.0
008 080814c20080724xo |||||||| 000 b|hun
015 |a SNBRB2008/08  |2 snkbucl 
038 |a SNKBUCL 
040 |a DSZK  |b slo  |c DSZK  |e AACR2 
041 0 |a hun 
044 |a xo  |c SK 
080 |a 78.079:784.66  |2 1997 
080 |a 784.66  |2 1997 
100 1 |a Juhász, Katalin,  |d 1969-  |4 aut  |9 102317 
245 1 0 |a Négy csillag közt alszom ma-  |b pop, jazz, trip-hop, dancehall, latino, breakbeat a BalatonSoundon ...  |c Juhász Katalin 
300 |b Fotogr. 
611 2 7 |a BalatonSound  |d (2008 :  |c Zamárdi, Maďarsko)  |2 snkbucl  |9 1241904 
650 0 7 |a hudobné festivaly  |2 snkbucl  |9 2958 
773 0 |t Új szó  |g Évf. 61, sz. 171 (24.7.2008), o. 9  |x 1335-7050 
852 |a SNK  |b KIS3GCP 
852 |a DSZK  |b KIS3GCP 
958 |a HU 
999 |c 2199809  |d 2201739